000 00688nam a22002177a 4500
003 OSt
005 20260423004745.0
008 251103b |||||||| |||| 00| 0 eng d
020 _a13:978-0-393-92714-0.
040 _aDWCL-Main Lib
_cOC
082 _aCirc. 301 G453e 2006
100 _aGiddens, Anthony
245 _aEssentials of Sociology
_cGiddens, Anthony
260 _aN. Y. :
_bW. W. Norton & Co., Inc.,
_cc2006.
300 _axviii, (various paging) :
_bcolored illustration ;
_c27 cm.
504 _aIncludes bibliographical references and index.
650 _21. Sociology.
700 _aApplebaum, Richard B.
700 _aDuneier, Mitchell
942 _2ddc
_cBK-CIRC
_kCirc.
_n0
999 _c5382
_d5382